000 00279nam a22001337a 4500
008 181017b xxu||||| |||| 00| 0 eng d
020 _a0121615666
041 _aeng
080 _a159.9
100 _a48
101 _aPSI
245 _aPsychology
_cBaron.B
942 _2udc
_cBK
999 _c50078
_d50078